Statistiques concernant Anglicismes par définition (2)

Cliquez ici pour prendre le quiz!

Statistiques générales

  • Ce quiz a été pris 63 fois
  • Le résultat moyen est 16 sur 20

Statistiques - réponses

Genre Définition Réponse % Correct
Nom Masculin(Familier) Chef d'entreprise, patron.Boss
100%
Nom MasculinPanneau de signalisation routière qui exige impérativement un arrêt.Stop
97%
NomPersonne payée pour garder occasionnellement un enfant en l'absence de ses parents.Baby-sitter
95%
Nom MasculinJeu de quilles d'origine américaine comprenant 10 quilles disposées en triangle au bout d'une piste de 25,50 m de long, et qu'il faut renverser avec deux boules. / Lieu où se pratique ce jeu.Bowling
93%
Nom MasculinSélection des acteurs, des figurants, etc., pour un spectacle, un film, une émission de radio ou de télévision.Casting
92%
Nom MasculinType de restauration axé sur la distribution, à toute heure et pour un prix peu élevé, de quelques produits dont la préparation est entièrement automatisée et qui peuvent être consommés sur place ou emportés sous emballage. / Le restaurant lui-même.Fast-food
90%
Nom MasulinGardien des troupeaux de bovins dans les ranches d'Amérique du Nord, personnage jouant un rôle de premier plan dans la légende de l'Ouest américain, popularisé par le cinéma.Cowboy
90%
Nom MasculinNuméro de déshabillage lent et suggestif, exécuté sur une musique de fond ou de danse.Strip-Tease
87%
Nom Féminin InvariableJeune entreprise innovante, dans le secteur des nouvelles technologies.Start-up
87%
Nom MasculinPetit déjeuner tardif qui, associant tartines, viandes froides, salades et gâteaux, tient lieu de déjeuner.Brunch
87%
Nom MasculinCondiment d'origine anglaise, qui se présente sous forme d'une sauce épaisse, à base de tomate, de saveur à la fois piquante et sucrée.Ketchup
83%
Nom MasculinComplainte du folklore noir américain au rythme lent qui est directement à l'origine de la musique de jazz. / (Familier) Cafard, mélancolie, idées sombres.Blues
82%
Nom MasculinCompétition sportive entre deux adversaires ou deux équipes ; rencontre.Match
80%
Nom MasculinCourse à pied pratiquée pour l'entretien de la forme physique, sur les terrains les plus variés. / Survêtement utilisé pour cette activité.Jogging
78%
Nom MasculinPièce de porc crue, traitée en salaison et fumée, puis débitée en fines tranches.Bacon
78%
Nom MasculinVoyou qui se livre à des actes de violence lors des compétitions sportives.Hooligan
65%
Nom MasculinCanalisation servant au transport, sur de longues distances, de fluides et de produits fluidifiés.Pipe-line
58%
Nom MasculinGuimauve molle enrobée de sucre glace et d'amidon.Marshmallow
52%
Nom MasculinTube en tôle ouvert aux deux extrémités, tirant un projectile autopropulsé de 75 mm (arme antichar).Bazooka
43%
Nom MasculinRadio-téléphone portatif.Talkie-walkie
32%

Distribution des résultats

Percentile by Number Answered

% des personnes avec chaque résultat

Votre développement - résultats

Vous n’avez pas pris ce quiz